000 00969nam a22002057a 4500
999 _c3652
_d3652
003 AR-CdUCM
008 190307b ||||| |||| 00| 0 spa d
040 _aMUNICIPALIDAD PROVINCIAL DEL CUSCO
_cBIBLIOTECA MUNICIPAL DEL CUSCO
082 _a 869.56039 /
_bM63N
100 _aMiranda Bernal, Julio
_9877
245 _aLa novela en el Cusco /
260 _aCusco :
_bUniversidad Nacional de San Antonio Abad del Cusco,
_c1994.
300 _a233 páginas ;
_c20.5 cm.
505 _aContenido: Obras de: Narciso Aréstegui -- Clorinda Matto de Turner -- Lizandro Caller -- Alfredo Yépez Miranda -- Roberto Barrionuevo Navarro -- Manuel Gonzalez Barandiarán -- Betty Yábar -- Manuel E. Cuadros -- Julio Miranda Bernal -- Antón Ponce de León -- Angel Avendaño Farfán.
650 _aNovela Cuqueña - Historia
_911890
650 _aNovela - Cusco - Crítica
_911891
650 _aEscritores cusqueños - Siglo XX
_911892
942 _2ddc
_cLIBROS
945 _alccs